000 00304nam a2200121Ia 4500
008 190216s9999||||xx |||||||||||||| ||und||
100 _aPartha Chatterjee
245 4 _aThe Nation And Its Fragments
260 _bOxford University Press
_c1995
300 _a252p
650 _aIndian History
942 _cBK
999 _c20900
_d20900